Statistická ročenka České republiky 1993

Salvato in:
Dettagli Bibliografici
Natura: Libro
Lingua:ceco
inglese
Pubblicazione: Praha Český statistický úřad 1993
Soggetti:
Tags: Aggiungi Tag
Nessun Tag, puoi essere il primo ad aggiungerne!!

MARC

LEADER 00000nam a2200000 4500
001 c004643
005 20260129103832.3
020 |a 80-202-0453-9 
041 0 |a cze 
041 0 |a eng 
044 |a CZ 
245 1 0 |a Statistická ročenka České republiky 1993 
264 1 |a Praha  |b Český statistický úřad  |c 1993 
300 |a 441 s. 
610 2 0 |a Česko